A carregar...
Elements of merchantile law
| Autor principal: | |
|---|---|
| Formato: | Printed Book |
| Idioma: | Undetermined English |
| Publicado em: |
New Delhi
Sulthan Chand and Sons
1981
|
| Assuntos: |
| LEADER | 00711nam a2200193Ia 4500 | ||
|---|---|---|---|
| 008 | 140306s9999 xx 000 0 und d | ||
| 041 | |a eng | ||
| 082 | |a 340 |b KAP/EL | ||
| 100 | |a Kapoor, N D | ||
| 245 | |a Elements of merchantile law | ||
| 260 | |a New Delhi |b Sulthan Chand and Sons |c 1981 | ||
| 300 | |a 271 | ||
| 650 | |a Legal formalities | ||
| 650 | |a Memorandum | ||
| 650 | |a Sea | ||
| 942 | |2 ddc |c BK | ||
| 999 | |c 114156 |d 114156 | ||
| 952 | |0 0 |1 0 |2 ddc |4 0 |6 340_000000000000000_KAPEL |7 0 |9 112117 |a KAUHCV |b KAUHCV |d 2004-04-20 |o 340 KAP/EL |p KAU_HCV-14867 |r 2014-03-22 |w 2014-03-22 |y BK | ||
| 952 | |0 0 |1 0 |2 ddc |4 0 |6 340_000000000000000_KAPEL |7 0 |9 112118 |a KAUHCV |b KAUHCV |d 2004-04-20 |o 340 KAP/EL |p KAU_HCV-14868 |r 2014-03-22 |w 2014-03-22 |y BK | ||